Prentice hall's Train and assess IT generation : Train and assess IT for microsoft office 2003
Enregistré dans:
| Format: | Livre |
|---|---|
| Langue: | Undetermined |
| Publié: |
New York
Prentice hall
2005
|
| Sujets: | |
| Tags: |
Ajouter un tag
Pas de tags, Soyez le premier à ajouter un tag!
|
| Thư viện lưu trữ: | Trung tâm Học liệu Trường Đại học Cần Thơ |
|---|
| LEADER | 00563nam a2200181Ia 4500 | ||
|---|---|---|---|
| 001 | CTU_100760 | ||
| 008 | 210402s9999 xx 000 0 und d | ||
| 082 | |a 005.14 | ||
| 082 | |b P927/CD.2 | ||
| 245 | 0 | |a Prentice hall's Train and assess IT generation : | |
| 245 | 0 | |b Train and assess IT for microsoft office 2003 | |
| 260 | |a New York | ||
| 260 | |b Prentice hall | ||
| 260 | |c 2005 | ||
| 650 | |a Information technic | ||
| 650 | |x Evaluation | ||
| 910 | |a Đĩa kèm theo sách: AV.000579, AV.000575 | ||
| 980 | |a Trung tâm Học liệu Trường Đại học Cần Thơ | ||